Half-wave-crystal channeling of relativistic heavy ions at super-FRS GSI/FAIR; Nuclear Instruments and Methods in Physics Research Section B: Beam Interactions with Materials and Atoms; Vol. 486

Detalhes bibliográficos
Parent link:Nuclear Instruments and Methods in Physics Research Section B: Beam Interactions with Materials and Atoms
Vol. 486.— 2021.— [Р. 22-27]
Corporate Authors: Национальный исследовательский Томский политехнический университет Школа базовой инженерной подготовки Отделение математики и информатики, Национальный исследовательский Томский политехнический университет Школа базовой инженерной подготовки Отделение естественных наук
Outros Autores: Bogdanov O. V. Oleg Viktorovich, Pivovarov Yu. L. Yury Leonidovich, Tukhfatullin T. A. Timur Ahatovich, Geissel H. Hans, Kuzminchuk-Feuerstein N. A. Natalia Aleksandrovna, Purushothaman S. Sivaji, Scheidenberger Ch. Christoph
Resumo:Title screen
The computer simulations of relativistic heavy ions channeling through the half-wavelength crystal showed the similarity of trajectories and angular distributions for ions with close ratios of the mass number A and the ion charge Ze. We studied the deflection efficiency of 300 MeV/u and 30 GeV/u 129Xe, 208Pb, 238U ions by a single tungsten half-wavelength crystal. In addition, we showed that the assembly of two sequentially placed and rotated by the critical channeling angle half-wavelength crystals increases twice the deflection angle.
Режим доступа: по договору с организацией-держателем ресурса
Idioma:inglês
Publicado em: 2021
Assuntos:
Acesso em linha:https://doi.org/10.1016/j.nimb.2020.09.022
Formato: MixedMaterials Recurso Electrónico Capítulo de Livro
KOHA link:https://koha.lib.tpu.ru/cgi-bin/koha/opac-detail.pl?biblionumber=666154

MARC

LEADER 00000naa0a2200000 4500
001 666154
005 20250213145613.0
035 |a (RuTPU)RU\TPU\network\37358 
035 |a RU\TPU\network\35390 
090 |a 666154 
100 |a 20211208d2021 k||y0rusy50 ba 
101 0 |a eng 
102 |a NL 
135 |a drcn ---uucaa 
181 0 |a i  
182 0 |a b 
200 1 |a Half-wave-crystal channeling of relativistic heavy ions at super-FRS GSI/FAIR  |f O. V. Bogdanov, Yu. L. Pivovarov, T. A. Tukhfatullin [et al.] 
203 |a Text  |c electronic 
300 |a Title screen 
320 |a [References: 15 tit.] 
330 |a The computer simulations of relativistic heavy ions channeling through the half-wavelength crystal showed the similarity of trajectories and angular distributions for ions with close ratios of the mass number A and the ion charge Ze. We studied the deflection efficiency of 300 MeV/u and 30 GeV/u 129Xe, 208Pb, 238U ions by a single tungsten half-wavelength crystal. In addition, we showed that the assembly of two sequentially placed and rotated by the critical channeling angle half-wavelength crystals increases twice the deflection angle. 
333 |a Режим доступа: по договору с организацией-держателем ресурса 
461 |t Nuclear Instruments and Methods in Physics Research Section B: Beam Interactions with Materials and Atoms 
463 |t Vol. 486  |v [Р. 22-27]  |d 2021 
610 1 |a электронный ресурс 
610 1 |a труды учёных ТПУ 
610 1 |a relativistic heavy ion 
610 1 |a half-wavelength crystal channeling 
610 1 |a beam deflection 
610 1 |a каналирование 
610 1 |a релятивистские ионы 
610 1 |a кристаллы 
610 1 |a компьютерное моделирование 
610 1 |a релятивистские тяжелые ионы 
610 1 |a отклонения 
610 1 |a угловые распределения 
701 1 |a Bogdanov  |b O. V.  |c physicist  |c Associate Professor of Tomsk Polytechnic University, Candidate of Physical and Mathematical Sciences  |f 1981-  |g Oleg Viktorovich  |3 (RuTPU)RU\TPU\pers\31518  |9 15679 
701 1 |a Pivovarov  |b Yu. L.  |g Yury Leonidovich 
701 1 |a Tukhfatullin  |b T. A.  |c physicist  |c Associate Professor of Tomsk Polytechnic University, Candidate of physical and mathematical sciences  |f 1971-  |g Timur Ahatovich  |3 (RuTPU)RU\TPU\pers\33633 
701 1 |a Geissel  |b H.  |g Hans 
701 1 |a Kuzminchuk-Feuerstein  |b N. A.  |g Natalia Aleksandrovna 
701 1 |a Purushothaman  |b S.  |g Sivaji 
701 1 |a Scheidenberger  |b Ch.  |g Christoph 
712 0 2 |a Национальный исследовательский Томский политехнический университет  |b Школа базовой инженерной подготовки  |b Отделение математики и информатики  |3 (RuTPU)RU\TPU\col\23555 
712 0 2 |a Национальный исследовательский Томский политехнический университет  |b Школа базовой инженерной подготовки  |b Отделение естественных наук  |3 (RuTPU)RU\TPU\col\23562 
801 2 |a RU  |b 63413507  |c 20211208  |g RCR 
856 4 |u https://doi.org/10.1016/j.nimb.2020.09.022 
942 |c CF